Introduction à l'art chinois

Zapisane w:
Opis bibliograficzny
1. autor: Sullivan, Michael
Format: Książka
Język:Undetermined
Wydane: Paris Le Livre de poche 1968
Hasła przedmiotowe:
Etykiety: Dodaj etykietę
Nie ma etykietki, Dołącz pierwszą etykiete!
Thư viện lưu trữ: Trung tâm Học liệu Trường Đại học Cần Thơ
LEADER 00503nam a2200193Ia 4500
001 CTU_90150
008 210402s9999 xx 000 0 und d
082 |a 709.51 
082 |b S951 
100 |a Sullivan, Michael 
245 0 |a Introduction à l'art chinois 
245 0 |c Michael Sullivan 
260 |a Paris 
260 |b Le Livre de poche 
260 |c 1968 
650 |a Art, chinese 
650 |x History 
904 |i Nguyên,Hải 
980 |a Trung tâm Học liệu Trường Đại học Cần Thơ